[Event "Russian Rapid Team Championship (w)"]
[Site "Sochi"]
[Date "2022.10.18"]
[Round "2.10"]
[White "Kovalevskaya, Ekaterina"]
[Black "Bogumil, Tatiana"]
[Result "1-0"]
[BlackElo "2082"]
[WhiteElo "2257"]
[LiveChessVersion "1.4.8"]

1. Nf3 {[%clk 0:15:17]} Nf6 {[%clk 0:15:15]} 2. g3 {[%clk 0:15:25]} b6
{[%clk 0:15:23]} 3. Bg2 {[%clk 0:15:33]} Bb7 {[%clk 0:15:31]} 4. O-O
{[%clk 0:15:41]} g6 {[%clk 0:15:33]} 5. c4 {[%clk 0:15:34]} c5 {[%clk 0:15:22]}
6. Nc3 {[%clk 0:14:33]} Bg7 {[%clk 0:15:27]} 7. d4 {[%clk 0:11:59]} O-O
{[%clk 0:14:02]} 8. d5 {[%clk 0:11:50]} d6 {[%clk 0:14:06]} 9. e4
{[%clk 0:11:44]} Nbd7 {[%clk 0:13:04]} 10. h3 {[%clk 0:11:36]} b5
{[%clk 0:13:10]} 11. cxb5 {[%clk 0:11:41]} a6 {[%clk 0:13:19]} 12. bxa6
{[%clk 0:10:38]} Bxa6 {[%clk 0:13:24]} 13. Re1 {[%clk 0:10:47]} Qb8
{[%clk 0:10:17]} 14. Qc2 {[%clk 0:10:35]} Rc8 {[%clk 0:10:10]} 15. Bf4
{[%clk 0:09:52]} Ne8 {[%clk 0:09:38]} 16. Rab1 {[%clk 0:08:30]} Ra7
{[%clk 0:09:34]} 17. h4 {[%clk 0:07:35]} Qb4 {[%clk 0:03:59]} 18. Bh3
{[%clk 0:07:32]} Rb8 {[%clk 0:03:32]} 19. h5 {[%clk 0:05:45]} Nb6
{[%clk 0:02:51]} 20. hxg6 {[%clk 0:05:34]} hxg6 {[%clk 0:02:59]} 21. a3
{[%clk 0:02:52]} Qa5 {[%clk 0:02:59]} 22. e5 {[%clk 0:02:54]} Nc4
{[%clk 0:02:27]} 23. e6 {[%clk 0:03:01]} f5 {[%clk 0:02:18]} 24. Bxf5
{[%clk 0:02:56]} gxf5 {[%clk 0:01:25]} 25. Qxf5 {[%clk 0:03:04]} Nf6
{[%clk 0:00:47]} 26. Qg6 {[%clk 0:02:40]} Qd8 {[%clk 0:00:11]} 27. Qf7+
{[%clk 0:02:08]} Kh8 {[%clk 0:00:19]} 28. Kg2 {[%clk 0:02:05]} Qe8
{[%clk 0:00:12]} 29. Rh1+ {[%clk 0:02:11]} Nh7 {[%clk 0:00:21]} 30. Rxh7+
{[%clk 0:02:15]} 1-0

[Event "Russian Rapid Team Championship (w)"]
[Site "Sochi"]
[Date "2022.10.18"]
[Round "2.11"]
[White "Sirotkina, Nina"]
[Black "Bivol, Alina"]
[Result "0-1"]
[BlackElo "2264"]
[WhiteElo "2090"]
[LiveChessVersion "1.4.8"]

1. d4 {[%clk 0:15:19]} e6 {[%clk 0:15:06]} 2. Bf4 {[%clk 0:15:18]} b6
{[%clk 0:15:06]} 3. e3 {[%clk 0:15:19]} Bb7 {[%clk 0:15:14]} 4. Nf3
{[%clk 0:15:26]} d6 {[%clk 0:15:14]} 5. Be2 {[%clk 0:14:54]} Nd7 {[%clk 0:15:22]}
6. O-O {[%clk 0:14:59]} g6 {[%clk 0:15:15]} 7. c4 {[%clk 0:14:04]} Bg7
{[%clk 0:15:18]} 8. Nc3 {[%clk 0:14:12]} Ne7 {[%clk 0:15:26]} 9. h3
{[%clk 0:13:43]} O-O {[%clk 0:15:33]} 10. Bh2 {[%clk 0:13:20]} e5
{[%clk 0:14:19]} 11. dxe5 {[%clk 0:11:51]} Nxe5 {[%clk 0:13:42]} 12. Nxe5
{[%clk 0:10:45]} dxe5 {[%clk 0:13:51]} 13. c5 {[%clk 0:09:54]} Qc8
{[%clk 0:12:52]} 14. Bf3 {[%clk 0:08:59]} Rd8 {[%clk 0:12:46]} 15. Bxb7
{[%clk 0:08:57]} Qxb7 {[%clk 0:12:52]} 16. Qc2 {[%clk 0:07:52]} h6
{[%clk 0:11:28]} 17. Rfd1 {[%clk 0:07:45]} Qc6 {[%clk 0:11:10]} 18. cxb6
{[%clk 0:07:18]} cxb6 {[%clk 0:11:14]} 19. Rxd8+ {[%clk 0:06:19]} Rxd8
{[%clk 0:11:21]} 20. Rd1 {[%clk 0:06:27]} Rd6 {[%clk 0:06:29]} 21. Rxd6
{[%clk 0:04:45]} Qxd6 {[%clk 0:06:37]} 22. Ne4 {[%clk 0:04:14]} Qb4
{[%clk 0:06:38]} 23. Qb1 {[%clk 0:03:42]} Nd5 {[%clk 0:05:59]} 24. a3
{[%clk 0:03:43]} Qc4 {[%clk 0:04:59]} 25. Bg3 {[%clk 0:03:27]} f5
{[%clk 0:04:36]} 26. Nd2 {[%clk 0:02:58]} Qe2 {[%clk 0:04:15]} 27. Nf1
{[%clk 0:02:07]} Kh7 {[%clk 0:04:06]} 28. Qc1 {[%clk 0:01:47]} f4
{[%clk 0:03:47]} 29. exf4 {[%clk 0:01:38]} exf4 {[%clk 0:03:54]} 30. Bxf4
{[%clk 0:01:23]} Bxb2 {[%clk 0:03:51]} 31. Qc6 {[%clk 0:00:57]} Nxf4
{[%clk 0:03:21]} 32. Qc7+ {[%clk 0:01:05]} Bg7 {[%clk 0:03:29]} 33. Qxf4
{[%clk 0:01:12]} Qe7 {[%clk 0:02:55]} 34. a4 {[%clk 0:01:19]} Be5 35. Qc4 Bd6
{[%clk 0:02:46]} 36. g3 {[%clk 0:01:08]} Bc5 {[%clk 0:02:54]} 37. Kg2
{[%clk 0:01:03]} Qb7+ {[%clk 0:02:33]} 38. Kg1 {[%clk 0:01:16]} Qf3 39. Qc2
{[%clk 0:01:23]} h5 {[%clk 0:02:29]} 40. h4 {[%clk 0:01:31]} a6 {[%clk 0:01:47]}
41. Qd2 {[%clk 0:01:31]} Qc6 {[%clk 0:01:42]} 42. Qf4 {[%clk 0:01:33]} Qd7 43.
Nh2 {[%clk 0:01:33]} Qd1+ {[%clk 0:00:46]} 44. Kg2 {[%clk 0:01:41]} Qd5+
{[%clk 0:00:53]} 45. Nf3 {[%clk 0:01:23]} b5 {[%clk 0:00:31]} 46. axb5
{[%clk 0:01:24]} axb5 {[%clk 0:00:40]} 47. Kh2 {[%clk 0:01:22]} Be7
{[%clk 0:00:37]} 48. Qc7 {[%clk 0:01:08]} Qc5 {[%clk 0:00:37]} 49. Ng5+
{[%clk 0:00:54]} Kh6 {[%clk 0:00:26]} 50. Nf7+ {[%clk 0:00:48]} Kg7
{[%clk 0:00:32]} 51. Qf4 {[%clk 0:00:54]} Qc4 {[%clk 0:00:17]} 52. Qxc4
{[%clk 0:00:35]} bxc4 {[%clk 0:00:26]} 53. Ne5 {[%clk 0:00:42]} c3
{[%clk 0:00:36]} 54. Kg2 {[%clk 0:00:44]} c2 {[%clk 0:00:25]} 55. Nd3 Ba3 56. f3
{[%clk 0:00:46]} c1=Q {[%clk 0:00:22]} 57. Nxc1 {[%clk 0:00:55]} Bxc1
{[%clk 0:00:31]} 58. g4 {[%clk 0:01:01]} hxg4 {[%clk 0:00:40]} 59. fxg4
{[%clk 0:01:09]} Kh6 {[%clk 0:00:29]} 60. Kf3 {[%clk 0:00:38]} Bd2
{[%clk 0:00:36]} 61. Ke4 {[%clk 0:00:22]} Be1 {[%clk 0:00:43]} 62. h5
{[%clk 0:00:17]} g5 {[%clk 0:00:52]} 63. Kf5 {[%clk 0:00:14]} Bc3
{[%clk 0:01:01]} 64. Ke6 {[%clk 0:00:18]} Kg7 {[%clk 0:00:36]} 65. Ke7
{[%clk 0:00:21]} Bb4+ {[%clk 0:00:29]} 66. Ke6 {[%clk 0:00:30]} Bc5
{[%clk 0:00:29]} 67. Kf5 {[%clk 0:00:31]} Be3 {[%clk 0:00:30]} 68. Ke6
{[%clk 0:00:39]} Bd2 {[%clk 0:00:29]} 69. Ke7 {[%clk 0:00:48]} Ba5
{[%clk 0:00:32]} 70. Ke6 {[%clk 0:00:49]} Bb4 {[%clk 0:00:22]} 71. Kf5
{[%clk 0:00:56]} Be7 {[%clk 0:00:29]} 72. Ke6 {[%clk 0:01:03]} Kf8
{[%clk 0:00:36]} 73. Kf5 {[%clk 0:00:28]} Kf7 {[%clk 0:00:43]} 74. Ke5
{[%clk 0:00:37]} Bc5 {[%clk 0:00:42]} 75. Kf5 Be3 76. Ke5 {[%clk 0:00:50]} Bd2
{[%clk 0:01:00]} 77. Kf5 {[%clk 0:00:34]} Bf4 {[%clk 0:01:14]} 78. Ke4
{[%clk 0:00:35]} Ke6 79. Kd4 {[%clk 0:00:44]} Be5+ {[%clk 0:01:22]} 80. Ke4
{[%clk 0:00:12]} Bg7 {[%clk 0:01:40]} 81. Kf3 {[%clk 0:00:12]} Ke5
{[%clk 0:01:40]} 82. Ke3 {[%clk 0:00:29]} Bf8 {[%clk 0:01:49]} 0-1

[Event "Russian Rapid Team Championship (w)"]
[Site "Sochi"]
[Date "2022.10.18"]
[Round "2.12"]
[White "Borisova, Ekaterina"]
[Black "Mikhaylova, Irina"]
[Result "1-0"]
[BlackElo "2219"]
[WhiteElo "2150"]
[LiveChessVersion "1.4.8"]

1. d4 {[%clk 0:15:18]} Nf6 {[%clk 0:15:18]} 2. c4 {[%clk 0:15:27]} g6
{[%clk 0:15:26]} 3. Nc3 {[%clk 0:15:35]} d5 {[%clk 0:15:35]} 4. cxd5
{[%clk 0:15:44]} Nxd5 {[%clk 0:15:44]} 5. Bd2 {[%clk 0:15:53]} Bg7
{[%clk 0:15:48]} 6. e4 {[%clk 0:16:01]} Nxc3 {[%clk 0:15:48]} 7. Bxc3
{[%clk 0:16:10]} c6 {[%clk 0:15:52]} 8. Qd2 {[%clk 0:16:11]} O-O {[%clk 0:15:43]}
9. h4 {[%clk 0:16:09]} h5 {[%clk 0:15:36]} 10. Nf3 {[%clk 0:16:13]} Nd7
{[%clk 0:15:27]} 11. Ng5 {[%clk 0:16:18]} e5 {[%clk 0:15:10]} 12. O-O-O
{[%clk 0:15:55]} exd4 {[%clk 0:14:36]} 13. Bxd4 {[%clk 0:16:03]} Bxd4
{[%clk 0:12:21]} 14. Qxd4 {[%clk 0:16:10]} Qf6 {[%clk 0:12:31]} 15. Qe3
{[%clk 0:15:44]} Ne5 {[%clk 0:10:22]} 16. f3 {[%clk 0:15:49]} Be6
{[%clk 0:09:45]} 17. Kb1 {[%clk 0:14:47]} Rfd8 {[%clk 0:04:49]} 18. Be2
{[%clk 0:14:55]} b6 {[%clk 0:02:04]} 19. Qc3 {[%clk 0:12:46]} Kg7
{[%clk 0:01:46]} 20. f4 {[%clk 0:11:39]} Rxd1+ {[%clk 0:01:17]} 21. Rxd1
{[%clk 0:11:46]} Qxf4 {[%clk 0:01:24]} 22. Rf1 {[%clk 0:11:33]} Qh2
{[%clk 0:01:31]} 23. Nf3 {[%clk 0:11:29]} Qxg2 {[%clk 0:01:36]} 24. Qxe5+
{[%clk 0:11:25]} Kh7 {[%clk 0:01:36]} 25. Ng5+ {[%clk 0:11:08]} Kh6
{[%clk 0:01:44]} 26. Nxe6 {[%clk 0:11:11]} fxe6 {[%clk 0:01:51]} 27. Qf4+
{[%clk 0:10:55]} Kh7 {[%clk 0:01:57]} 28. Qf3 {[%clk 0:10:38]} Qxf3
{[%clk 0:01:46]} 29. Rxf3 {[%clk 0:10:46]} Kg7 {[%clk 0:01:55]} 30. Bc4
{[%clk 0:10:53]} Re8 {[%clk 0:01:53]} 31. e5 {[%clk 0:11:01]} g5 {[%clk 0:02:00]}
32. hxg5 {[%clk 0:10:56]} Kg6 {[%clk 0:02:08]} 33. Rg3 {[%clk 0:10:50]} h4
{[%clk 0:02:08]} 34. Bd3+ {[%clk 0:10:59]} Kh5 {[%clk 0:02:00]} 35. Rg1
{[%clk 0:11:00]} h3 {[%clk 0:01:51]} 36. Be2+ {[%clk 0:10:33]} Kg6
{[%clk 0:01:08]} 37. Bd3+ {[%clk 0:10:12]} Kh5 {[%clk 0:01:17]} 38. g6
{[%clk 0:10:21]} Kh4 {[%clk 0:01:07]} 39. Be4 {[%clk 0:10:21]} h2
{[%clk 0:00:38]} 40. Rf1 {[%clk 0:10:29]} Rg8 {[%clk 0:00:28]} 41. Kc2
{[%clk 0:10:29]} c5 {[%clk 0:00:32]} 42. Kd3 {[%clk 0:10:37]} Kg3
{[%clk 0:00:40]} 43. Ke3 {[%clk 0:10:42]} Rg7 {[%clk 0:00:37]} 44. Rf3+
{[%clk 0:10:13]} Kg4 {[%clk 0:00:46]} 45. Rf6 {[%clk 0:10:06]} Re7
{[%clk 0:00:40]} 46. Rf7 {[%clk 0:09:52]} Re8 {[%clk 0:00:49]} 47. Kf2
{[%clk 0:09:41]} Rh8 {[%clk 0:00:47]} 48. Rh7 {[%clk 0:09:47]} Rf8+
{[%clk 0:00:54]} 49. Kg2 {[%clk 0:09:50]} Rg8 {[%clk 0:01:03]} 50. Rxh2
{[%clk 0:09:51]} Kf4 {[%clk 0:01:12]} 51. Bc2 {[%clk 0:09:43]} Kxe5
{[%clk 0:01:20]} 52. Rh7 {[%clk 0:09:51]} Kf4 {[%clk 0:01:15]} 53. Rf7+
{[%clk 0:09:56]} Ke5 {[%clk 0:01:17]} 54. g7 {[%clk 0:10:02]} 1-0

[Event "Russian Rapid Team Championship (w)"]
[Site "Sochi"]
[Date "2022.10.18"]
[Round "3.1"]
[White "Shuvalova, Polina"]
[Black "Pogonina, Natalija"]
[Result "1/2-1/2"]
[BlackElo "2466"]
[WhiteElo "2392"]
[LiveChessVersion "1.4.8"]

1. d4 {[%clk 0:15:19]} Nf6 {[%clk 0:15:18]} 2. Nf3 {[%clk 0:15:27]} d5
{[%clk 0:15:21]} 3. Bf4 {[%clk 0:15:35]} e6 {[%clk 0:15:28]} 4. e3
{[%clk 0:15:44]} Bd6 {[%clk 0:15:36]} 5. Bxd6 {[%clk 0:15:52]} Qxd6
{[%clk 0:15:43]} 6. c4 {[%clk 0:16:00]} O-O {[%clk 0:15:32]} 7. Nc3
{[%clk 0:16:08]} dxc4 {[%clk 0:15:35]} 8. Bxc4 {[%clk 0:16:16]} c5
{[%clk 0:15:40]} 9. O-O {[%clk 0:15:57]} Nc6 {[%clk 0:15:42]} 10. Nb5
{[%clk 0:14:59]} Qe7 {[%clk 0:15:43]} 11. dxc5 {[%clk 0:15:00]} Qxc5
{[%clk 0:15:39]} 12. Rc1 {[%clk 0:15:05]} Qb6 {[%clk 0:13:40]} 13. Qe2
{[%clk 0:14:40]} Bd7 {[%clk 0:13:28]} 14. Rfd1 {[%clk 0:14:19]} Rad8
{[%clk 0:13:24]} 15. h3 {[%clk 0:11:27]} h6 {[%clk 0:12:44]} 16. Nc3
{[%clk 0:10:02]} Qa5 {[%clk 0:11:27]} 17. Rd2 {[%clk 0:08:41]} Bc8
{[%clk 0:11:16]} 18. Rcd1 {[%clk 0:08:37]} Rxd2 {[%clk 0:11:09]} 19. Rxd2
{[%clk 0:08:43]} Ne5 {[%clk 0:10:28]} 20. Nxe5 {[%clk 0:07:35]} Qxe5
{[%clk 0:10:35]} 21. Qd3 {[%clk 0:06:54]} Bd7 {[%clk 0:09:52]} 22. Qd4
{[%clk 0:05:54]} Qxd4 {[%clk 0:08:52]} 23. Rxd4 {[%clk 0:06:01]} 1/2-1/2

[Event "Russian Rapid Team Championship (w)"]
[Site "Sochi"]
[Date "2022.10.18"]
[Round "3.2"]
[White "Girya, Olga"]
[Black "Gunina, Valentina"]
[Result "1-0"]
[BlackElo "2421"]
[WhiteElo "2298"]
[LiveChessVersion "1.4.8"]

1. d4 {[%clk 0:15:18]} d5 {[%clk 0:15:19]} 2. c4 {[%clk 0:15:27]} c6
{[%clk 0:15:28]} 3. Nf3 {[%clk 0:15:36]} Nf6 {[%clk 0:15:37]} 4. cxd5
{[%clk 0:15:45]} cxd5 {[%clk 0:15:46]} 5. Nc3 {[%clk 0:15:53]} Nc6
{[%clk 0:15:54]} 6. Bf4 {[%clk 0:16:02]} a6 {[%clk 0:16:03]} 7. Qb3
{[%clk 0:16:11]} e6 {[%clk 0:16:11]} 8. e3 {[%clk 0:16:21]} Be7 {[%clk 0:16:18]}
9. Bd3 {[%clk 0:16:29]} O-O {[%clk 0:16:25]} 10. Rc1 {[%clk 0:16:38]} Bd7
{[%clk 0:16:34]} 11. O-O {[%clk 0:16:31]} Nh5 {[%clk 0:16:41]} 12. Be5
{[%clk 0:16:10]} f6 {[%clk 0:16:38]} 13. Bg3 {[%clk 0:16:19]} Nxg3
{[%clk 0:16:29]} 14. hxg3 {[%clk 0:16:28]} f5 {[%clk 0:16:32]} 15. Na4
{[%clk 0:15:45]} Na5 {[%clk 0:14:36]} 16. Qd1 {[%clk 0:15:54]} Bxa4
{[%clk 0:14:15]} 17. Qxa4 {[%clk 0:16:03]} Nc6 {[%clk 0:14:22]} 18. Qb3
{[%clk 0:11:21]} Bd6 {[%clk 0:14:13]} 19. Rc3 {[%clk 0:10:41]} Qe7
{[%clk 0:14:11]} 20. a3 {[%clk 0:09:31]} Rfc8 {[%clk 0:13:50]} 21. Rfc1
{[%clk 0:09:30]} Rc7 {[%clk 0:13:58]} 22. Qd1 {[%clk 0:07:18]} Rac8
{[%clk 0:13:58]} 23. Be2 {[%clk 0:06:52]} g6 {[%clk 0:13:21]} 24. Ne1
{[%clk 0:06:58]} h5 {[%clk 0:13:25]} 25. f4 {[%clk 0:06:55]} Kg7 {[%clk 0:13:14]}
26. Nf3 {[%clk 0:07:04]} Nd8 {[%clk 0:12:56]} 27. Rxc7 {[%clk 0:06:53]} Rxc7
{[%clk 0:13:05]} 28. Rxc7 {[%clk 0:06:40]} Qxc7 {[%clk 0:13:13]} 29. Bd3
{[%clk 0:06:45]} Nf7 {[%clk 0:12:26]} 30. Qc2 {[%clk 0:06:43]} Qd8
{[%clk 0:11:04]} 31. Qb3 {[%clk 0:05:20]} Qc7 {[%clk 0:10:13]} 32. Qc2
{[%clk 0:05:29]} Qxc2 {[%clk 0:10:22]} 33. Bxc2 {[%clk 0:05:38]} g5
{[%clk 0:10:29]} 34. Ba4 {[%clk 0:03:51]} b5 {[%clk 0:10:19]} 35. Bc2
{[%clk 0:03:54]} h4 {[%clk 0:10:10]} 36. gxh4 {[%clk 0:03:37]} gxf4
{[%clk 0:10:17]} 37. exf4 {[%clk 0:03:39]} Bxf4 {[%clk 0:10:26]} 38. a4
{[%clk 0:03:40]} Nd6 {[%clk 0:10:21]} 39. b3 {[%clk 0:03:00]} Ne4
{[%clk 0:08:53]} 40. axb5 {[%clk 0:02:52]} axb5 {[%clk 0:09:01]} 41. Bd3
{[%clk 0:02:47]} b4 {[%clk 0:08:55]} 42. Ba6 {[%clk 0:02:42]} Be3+
{[%clk 0:05:59]} 43. Kf1 {[%clk 0:02:51]} Ng3+ {[%clk 0:06:08]} 44. Ke1
{[%clk 0:03:00]} Kf6 {[%clk 0:06:16]} 45. Bb5 {[%clk 0:02:46]} f4
{[%clk 0:05:48]} 46. Bd3 {[%clk 0:02:55]} Ne4 {[%clk 0:05:46]} 47. Ke2
{[%clk 0:02:20]} Nd6 {[%clk 0:05:22]} 48. g4 {[%clk 0:02:20]} Ne4
{[%clk 0:05:00]} 49. Bxe4 {[%clk 0:02:24]} dxe4 {[%clk 0:05:09]} 50. Ng5
{[%clk 0:02:33]} Bxd4 {[%clk 0:04:57]} 51. Nxe4+ {[%clk 0:02:43]} Kg6
{[%clk 0:04:30]} 52. Kf3 {[%clk 0:02:50]} Be3 {[%clk 0:04:25]} 53. Nd6
{[%clk 0:02:49]} e5 {[%clk 0:02:51]} 54. Nf5 {[%clk 0:01:31]} Bd2
{[%clk 0:02:48]} 55. Ne7+ {[%clk 0:01:16]} Kf7 {[%clk 0:02:45]} 56. Nc6
{[%clk 0:01:13]} Bc3 {[%clk 0:02:45]} 57. Ke4 {[%clk 0:01:15]} Ke6
{[%clk 0:02:53]} 58. g5 {[%clk 0:01:17]} Kf7 {[%clk 0:02:14]} 59. h5
{[%clk 0:01:21]} Ke6 {[%clk 0:01:57]} 60. Nd8+ {[%clk 0:01:15]} Ke7
{[%clk 0:02:03]} 61. Nb7 {[%clk 0:00:47]} Bd2 {[%clk 0:01:31]} 62. g6
{[%clk 0:00:39]} Kf6 {[%clk 0:01:21]} 63. Nc5 {[%clk 0:00:48]} Bc3
{[%clk 0:01:24]} 64. Nd3 {[%clk 0:00:55]} Kg7 {[%clk 0:01:21]} 65. Nf2
{[%clk 0:01:02]} Bb2 {[%clk 0:00:51]} 66. Ng4 {[%clk 0:01:11]} Bd4
{[%clk 0:00:44]} 67. Kf5 {[%clk 0:00:43]} f3 {[%clk 0:00:25]} 68. h6+
{[%clk 0:00:52]} Kf8 {[%clk 0:00:31]} 69. g7+ {[%clk 0:00:59]} Kf7
{[%clk 0:00:36]} 70. Nf6 {[%clk 0:01:08]} 1-0

[Event "Russian Rapid Team Championship (w)"]
[Site "Sochi"]
[Date "2022.10.18"]
[Round "3.3"]
[White "Badelka, Olga"]
[Black "Garifullina, Leya"]
[Result "0-1"]
[BlackElo "2273"]
[WhiteElo "2316"]
[LiveChessVersion "1.4.8"]

1. c4 {[%clk 0:15:19]} e5 {[%clk 0:15:18]} 2. Nc3 {[%clk 0:15:28]} Bb4
{[%clk 0:15:27]} 3. Nd5 {[%clk 0:15:30]} a5 {[%clk 0:15:31]} 4. e3
{[%clk 0:15:13]} d6 {[%clk 0:14:38]} 5. a3 {[%clk 0:14:56]} Bc5 {[%clk 0:14:46]}
6. d4 {[%clk 0:15:05]} Ba7 {[%clk 0:14:54]} 7. dxe5 {[%clk 0:13:42]} dxe5
{[%clk 0:15:00]} 8. Nf3 {[%clk 0:13:50]} Nd7 {[%clk 0:15:01]} 9. Be2
{[%clk 0:13:30]} c6 {[%clk 0:15:05]} 10. Nc3 {[%clk 0:13:38]} Ngf6
{[%clk 0:15:13]} 11. O-O {[%clk 0:11:11]} O-O {[%clk 0:15:10]} 12. Qc2
{[%clk 0:11:20]} Qe7 {[%clk 0:14:58]} 13. b4 {[%clk 0:11:07]} e4 {[%clk 0:14:44]}
14. Nd2 {[%clk 0:10:44]} Re8 {[%clk 0:14:49]} 15. c5 {[%clk 0:10:34]} Bb8
{[%clk 0:14:32]} 16. Bb2 {[%clk 0:10:34]} Nf8 {[%clk 0:11:50]} 17. Nc4
{[%clk 0:10:03]} axb4 {[%clk 0:11:44]} 18. axb4 {[%clk 0:10:10]} Rxa1
{[%clk 0:11:52]} 19. Bxa1 {[%clk 0:08:54]} Bf5 {[%clk 0:10:50]} 20. Rd1
{[%clk 0:08:20]} Bg6 {[%clk 0:10:32]} 21. g3 {[%clk 0:07:38]} h5 {[%clk 0:08:49]}
22. h4 {[%clk 0:07:40]} Rd8 {[%clk 0:08:24]} 23. Rxd8 {[%clk 0:07:36]} Qxd8
{[%clk 0:08:32]} 24. Qd1 {[%clk 0:06:54]} Ne6 {[%clk 0:07:29]} 25. Qxd8+
{[%clk 0:04:44]} Nxd8 {[%clk 0:07:38]} 26. Bd1 {[%clk 0:04:30]} Kf8
{[%clk 0:07:07]} 27. Bc2 {[%clk 0:04:13]} Ke7 {[%clk 0:07:10]} 28. Kf1
{[%clk 0:04:03]} Bc7 {[%clk 0:06:56]} 29. Ke2 {[%clk 0:04:08]} Bf5
{[%clk 0:05:14]} 30. Bb2 {[%clk 0:03:44]} Ke6 {[%clk 0:04:17]} 31. Nd2
{[%clk 0:02:59]} Be5 {[%clk 0:04:02]} 32. Na4 {[%clk 0:02:31]} Bxb2
{[%clk 0:03:28]} 33. Nxb2 {[%clk 0:02:40]} Ke7 {[%clk 0:03:14]} 34. Bb3
{[%clk 0:00:44]} Be6 {[%clk 0:03:08]} 35. Bxe6 {[%clk 0:00:32]} Kxe6
{[%clk 0:03:10]} 36. Nbc4 {[%clk 0:00:38]} Nd5 {[%clk 0:02:51]} 37. Nxe4
{[%clk 0:00:36]} Nxb4 {[%clk 0:03:00]} 38. Nb6 {[%clk 0:00:19]} Ke5
{[%clk 0:02:50]} 39. Nd6 {[%clk 0:00:14]} Na6 {[%clk 0:02:54]} 40. f4+
{[%clk 0:00:19]} Ke6 {[%clk 0:02:56]} 41. Ne4 {[%clk 0:00:28]} f5 42. Ng5+ Kf6
{[%clk 0:02:13]} 43. Na4 {[%clk 0:00:26]} Ne6 {[%clk 0:02:11]} 44. e4
{[%clk 0:00:28]} Naxc5 {[%clk 0:02:10]} 45. e5+ {[%clk 0:00:35]} Ke7
{[%clk 0:02:16]} 46. Nb6 {[%clk 0:00:31]} Nxg5 {[%clk 0:02:17]} 47. hxg5
{[%clk 0:00:38]} Ne4 {[%clk 0:02:24]} 48. Kf3 {[%clk 0:00:47]} Ke6
{[%clk 0:02:28]} 49. g6 {[%clk 0:00:39]} Nc5 {[%clk 0:02:19]} 50. Ke3
{[%clk 0:00:48]} Ne4 {[%clk 0:02:12]} 51. Kf3 {[%clk 0:00:58]} c5
{[%clk 0:02:21]} 52. Kg2 {[%clk 0:00:55]} Nd2 {[%clk 0:02:29]} 53. Kf2
{[%clk 0:01:02]} c4 {[%clk 0:02:37]} 54. Ke3 {[%clk 0:00:55]} c3 {[%clk 0:02:44]}
55. Na4 {[%clk 0:00:49]} Ne4 {[%clk 0:02:51]} 56. Kd3 {[%clk 0:00:56]} Nxg3
{[%clk 0:02:56]} 57. Nxc3 {[%clk 0:01:03]} h4 {[%clk 0:03:04]} 58. Nb5
{[%clk 0:00:27]} h3 {[%clk 0:02:56]} 59. Nd4+ {[%clk 0:00:36]} Kd5
{[%clk 0:02:54]} 60. Nf3 {[%clk 0:00:23]} Nf1 {[%clk 0:02:57]} 61. e6
{[%clk 0:00:32]} Kd6 {[%clk 0:03:05]} 62. e7 {[%clk 0:00:13]} Kxe7
{[%clk 0:03:13]} 63. Kd4 {[%clk 0:00:21]} Kf6 {[%clk 0:03:16]} 0-1

[Event "Russian Rapid Team Championship (w)"]
[Site "Sochi"]
[Date "2022.10.18"]
[Round "3.4"]
[White "Kovanova, Baira"]
[Black "Charochkina, Daria"]
[Result "0-1"]
[BlackElo "2245"]
[WhiteElo "2231"]
[LiveChessVersion "1.4.8"]

1. e4 {[%clk 0:15:17]} c6 {[%clk 0:15:18]} 2. d4 {[%clk 0:15:26]} d5
{[%clk 0:15:27]} 3. Nc3 {[%clk 0:15:34]} dxe4 {[%clk 0:15:35]} 4. Nxe4
{[%clk 0:15:43]} Nf6 {[%clk 0:15:44]} 5. Nxf6+ {[%clk 0:15:52]} exf6
{[%clk 0:15:53]} 6. c3 {[%clk 0:16:00]} Bd6 {[%clk 0:16:01]} 7. Bd3
{[%clk 0:16:09]} O-O {[%clk 0:16:09]} 8. Ne2 {[%clk 0:16:17]} Re8
{[%clk 0:16:17]} 9. O-O {[%clk 0:16:25]} Na6 {[%clk 0:16:24]} 10. Qc2
{[%clk 0:15:18]} g6 {[%clk 0:16:27]} 11. Bh6 {[%clk 0:14:06]} f5 {[%clk 0:15:22]}
12. Qd2 {[%clk 0:13:44]} Be6 {[%clk 0:12:45]} 13. Rfe1 {[%clk 0:12:58]} Nc7
{[%clk 0:11:54]} 14. c4 {[%clk 0:10:06]} a5 {[%clk 0:11:05]} 15. a3
{[%clk 0:07:19]} b5 {[%clk 0:10:01]} 16. Rac1 {[%clk 0:05:32]} bxc4
{[%clk 0:05:06]} 17. Bxc4 {[%clk 0:05:40]} Nd5 {[%clk 0:05:15]} 18. Bg5
{[%clk 0:05:07]} Qb8 {[%clk 0:04:55]} 19. h3 {[%clk 0:04:01]} Ra7
{[%clk 0:04:55]} 20. Bxd5 {[%clk 0:03:19]} Bxd5 {[%clk 0:04:11]} 21. Nf4
{[%clk 0:03:17]} Bb3 {[%clk 0:02:09]} 22. Rxe8+ {[%clk 0:03:02]} Qxe8
{[%clk 0:02:18]} 23. Re1 {[%clk 0:02:14]} Qb8 {[%clk 0:02:24]} 24. Qe3
{[%clk 0:02:07]} f6 {[%clk 0:01:40]} 25. Nxg6 {[%clk 0:00:43]} hxg6
{[%clk 0:01:26]} 26. Bxf6 {[%clk 0:00:51]} Bf4 {[%clk 0:00:39]} 27. Qd3
{[%clk 0:01:00]} Bd5 {[%clk 0:00:31]} 28. g3 {[%clk 0:00:27]} Rf7
{[%clk 0:00:26]} 29. Be7 {[%clk 0:00:22]} Bh6 {[%clk 0:00:22]} 30. h4
{[%clk 0:00:20]} Qe8 {[%clk 0:00:20]} 31. Bb4 {[%clk 0:00:28]} Be4
{[%clk 0:00:27]} 32. Bxa5 {[%clk 0:00:35]} Re7 {[%clk 0:00:20]} 33. Qc3
{[%clk 0:00:39]} Bd5 {[%clk 0:00:25]} 34. Re5 {[%clk 0:00:21]} Bg7
{[%clk 0:00:25]} 35. Re3 {[%clk 0:00:28]} Re4 {[%clk 0:00:31]} 36. Bb6
{[%clk 0:00:30]} Qe6 {[%clk 0:00:37]} 37. Bc5 {[%clk 0:00:32]} f4
{[%clk 0:00:45]} 38. gxf4 {[%clk 0:00:31]} Qg4+ {[%clk 0:00:55]} 39. Rg3
{[%clk 0:00:39]} Qd1+ {[%clk 0:00:58]} 40. Kh2 Qh1+ {[%clk 0:00:55]} 41. Kxh1
{[%clk 0:00:49]} Re1+ {[%clk 0:01:05]} 0-1